Vector analysis with applications (Record no. 5838)

000 -LEADER
fixed length control field 00528nam a22002051 4500
001 - CONTROL NUMBER
control field 5838
003 - CONTROL NUMBER IDENTIFIER
control field BD-DhUET
008 - FIXED-LENGTH DATA ELEMENTS--GENERAL INFORMATION
fixed length control field 861017s1932 enka 000 0 eng c
020 ## - INTERNATIONAL STANDARD BOOK NUMBER
International Standard Book Number 8122405487
040 ## - CATALOGING SOURCE
Original cataloging agency DLC/ICU
Transcribing agency CGU
Modifying agency BD-DhUET
082 0# - DEWEY DECIMAL CLASSIFICATION NUMBER
Classification number 516.83
Item number ALI/1993
100 ## - MAIN ENTRY--PERSONAL NAME
Personal name Ali Ashraf, Md.
245 10 - TITLE STATEMENT
Title Vector analysis with applications
250 ## - EDITION STATEMENT
Edition statement 3rd ed.
260 ## - PUBLICATION, DISTRIBUTION, ETC. (IMPRINT)
Place of publication, distribution, etc. New Delhi
Name of publisher, distributor, etc. Wiley Eastern
Date of publication, distribution, etc. 1993
300 ## - PHYSICAL DESCRIPTION
Extent xv,308p.
Other physical details ill.
Dimensions 23 cm.
504 ## - BIBLIOGRAPHY, ETC. NOTE
Bibliography, etc Includes bibliographies
650 #0 - SUBJECT ADDED ENTRY--TOPICAL TERM
Topical term or geographic name as entry element Vector analysis
942 ## - ADDED ENTRY ELEMENTS (KOHA)
Koha item type General Book
Holdings
Koha full call number Withdrawn status Source of classification or shelving scheme Price effective from Koha date last borrowed Shelving location Sublocation or collection (holding branch) Koha issues (times borrowed) Koha out on loan Copy number Location (home branch) Lost status Koha normalized classification for sorting Koha date last seen Date acquired Damaged status Piece designation (barcode) Koha renewals Koha item type Not for loan
516.83/ALI/1993  2014-11-292022-12-13Circulation sectionCentral Library, BUET32022-12-278Central Library, BUET 516_830000000000000_ALI_19932022-12-132014-11-29 87531 General Book 
516.83/ALI/1998  2014-12-212025-04-29Circulation sectionCentral Library, BUET13 2Central Library, BUET 516_830000000000000_ALI_19982025-05-132014-12-21 875281General Book 
516.83/ALI/1998  2015-01-27 Circulation sectionCentral Library, BUET  3Central Library, BUET 516_830000000000000_ALI_19982016-04-022015-01-27 87530 General Book 
516.83/ALI/1998  2015-01-312022-12-13Circulation sectionCentral Library, BUET6 4Central Library, BUET 516_830000000000000_ALI_19982025-11-302015-01-31 48783 General Book 
516.83/ALI/1998  2015-02-112020-01-05Circulation sectionCentral Library, BUET5 1Central Library, BUET 516_830000000000000_ALI_19982020-11-032015-02-11 94102 General Book 
516.83/ALI/1993  2015-04-112024-04-02Circulation sectionCentral Library, BUET8 7Central Library, BUET 516_830000000000000_ALI_19932025-11-182015-04-11 87525 General Book 
516.83/ALI/1993  2015-04-232023-09-27Circulation sectionCentral Library, BUET6 6Central Library, BUET 516_830000000000000_ALI_19932025-11-292015-04-23 87526 General Book 
516.83/ALI/1993  2015-05-032022-03-30Circulation sectionCentral Library, BUET2 7Central Library, BUET 516_830000000000000_ALI_19932022-05-252015-05-03 87529 General Book 
516.83/ALI/1993  2015-06-07 Reading sectionCentral Library, BUET  9Central Library, BUET 516_830000000000000_ALI_19932015-06-072015-06-07 87550 Reading Item 
516.83/ALI/1993  2015-06-07 Reading sectionCentral Library, BUET  10Central Library, BUET 516_830000000000000_ALI_19932015-06-072015-06-07 92374 Reading Item 
516.83/ALI/1993  2015-06-08 Reading sectionCentral Library, BUET  12Central Library, BUET 516_830000000000000_ALI_19932015-06-082015-06-08 94100 Reading Item 
516.83/ALI/1993  2015-06-14 Reading sectionCentral Library, BUET  13Central Library, BUET 516_830000000000000_ALI_19932015-06-142015-06-14 87551 Reading Item 
516.83/ALI/1993  2015-09-02 Circulation sectionCentral Library, BUET  14Central Library, BUET 516_830000000000000_ALI_19932017-03-042015-09-02 87527 General Book